| 000 | 00523nam a2200205Ia 4500 | ||
|---|---|---|---|
| 008 | 131103s9999 xx 000 0 und d | ||
| 020 | _cRs.2.50 | ||
| 040 | _aLoreto College | ||
| 041 | _aEnglish | ||
| 082 |
_a510/MEN _bLCBED/3622 |
||
| 100 | _aMendonza, E. | ||
| 245 |
_aScholar's work book of modern geometry _cE. Mendonza |
||
| 250 | _a1st ed. | ||
| 260 |
_aNew Delhi _bScholar _c1970 |
||
| 300 |
_a60p. _b ill. _c 23cm. |
||
| 650 | _aMathematics | ||
| 651 | _aGeometry | ||
| 850 | _aLCBED/510/MEN | ||
| 942 | _cBK | ||
| 999 |
_c28066 _d78545 |
||